Poesía 199 Moderna
Shranjeno v:
| Glavni avtor: | |
|---|---|
| Format: | Knjiga |
| Jezik: | Undetermined |
| Izdano: |
México, Distrito Federal
Universidad Nacional Autónoma de México
1998
|
| Teme: | |
| Oznake: |
Označite
Brez oznak, prvi označite!
|
MARC
| LEADER | 00000nam a2200000Ia 4500 | ||
|---|---|---|---|
| 008 | 170316s9999 xx 000 0 und d | ||
| 040 | |a cru BVZT | ||
| 090 | |a 860 O-5.1p | ||
| 100 | |a Orozco, Olga | ||
| 245 | |a Poesía 199 Moderna | ||
| 260 | |a México, Distrito Federal | ||
| 260 | |b Universidad Nacional Autónoma de México | ||
| 260 | |c 1998 | ||
| 300 | |a 43 páginas | ||
| 650 | |a LITERATURA LATINOAMERICANA | ||
| 999 | |c 9037 |d 9037 | ||
| 942 | |c 15 D |h 860 O-5.1p |2 z | ||
